El burlador que no se burla; Don Juan Carillana; El tercer demonio

Guardat en:
Dades bibliogràfiques
Autor principal: Grau, Jacinto
Format: Llibre
Idioma:Undetermined
Publicat: Buenos Aires, Argentina Losada 1947
Edició:2
Matèries:
Etiquetes: Afegir etiqueta
Sense etiquetes, Sigues el primer a etiquetar aquest registre!

MARC

LEADER 00000nam a2200000Ia 4500
008 170316s9999 xx 000 0 und d
040 |a cru BVZT 
090 |a 862 G-44b 
100 |a Grau, Jacinto 
245 |a El burlador que no se burla; Don Juan Carillana; El tercer demonio 
250 |a 2 
260 |a Buenos Aires, Argentina 
260 |b Losada 
260 |c 1947 
300 |a 246 páginas 
650 |a LITERATURA ESPAÑOLA 
999 |c 9947  |d 9947 
942 |c 15 D  |h 862 G-44b  |2 z